000 00688nam a2200265Ia 4500
005 20260121165101.0
008 008 260114s9999 xx 000 0 eng d
020 _a9781137566942
037 _aEBOOK
040 _aCRL
040 _beng
040 _cCRL
041 _2eng
041 _aeng
084 _qCRL
100 _aPedro Fortes, Larissa Boratti, Andrés Palacios Lleras, Tom Gerald Daly
_91047317
245 0 _aLaw and Policy in Latin America
260 _bSpringer
260 _bSpringer
260 _c2017
856 _uhttps://link.springer.com/openurl?genre=book&isbn=978-1-137-56694-2
942 _cEBOOK
999 _c1613042
_d1613042